000 00867cam a2200277 i 4500
001 3486
003 BD-RjUL
005 20211208233734.0
008 750923s1975 ne a b 001 0 eng
020 _a0444413162
035 _a(BD-RjUL)3520
040 _aDLC
_cDLC
_dDLC
_dBD-RjUL
_beng
041 _aeng
082 0 0 _a333.9104
_219
_bFRG 1975
100 1 _aFried, Jean J.
_910983
245 1 0 _aGroundwater pollution :
_btheory, methodology, modelling, and practical rules /
_cJean J. Fried.
260 _aAmsterdam ;
_aNew York :
_bElsevier Scientific Pub. Co.,
_c1975.
300 _axvi, 330 p. :
_bill. ;
_c25 cm.
500 _aIncludes index.
504 _aBibliography: p. [313]-325.
650 0 _aGroundwater
_xPollution.
_910985
942 _2ddc
_cBK
999 _c3486
_d3486